000 00394nam a22001457a 4500
005 20170926105923.0
008 170926b xxu||||| |||| 00| 0 eng d
040 _cPK-LaUMT
082 _aPKAC 320.95491
_bMEH-P
100 _aMehdi Hasan
245 _aPakistan ki siasat aur awam/
_cMehdi Hasan
260 _aلاہور:
_bسارنگ پبلیکیشنز،
_c[ ]
300 _a268 ص
942 _cBK
999 _c98501
_d98501